Zdravotné výhody ako kľúčový faktor kvality potravín diplomová práca

Gespeichert in:
Bibliographische Detailangaben
1. Verfasser: Udvorková, Nikola
Körperschaft: Obchodná fakulta EU. Katedra tovaroznalectva a kvality tovaru
Weitere Verfasser: Jarossová, Malgorzata Agnieszka, 1978-
Format: Buch
Sprache:Slowakisch
Veröffentlicht: Bratislava 2014
Tags: Tag hinzufügen
Keine Tags, Fügen Sie das erste Tag hinzu!

MARC

LEADER 00000nbm a2200000 4500
001 0186162
005 20170201095153.7
041 0 |a slo 
044 |a SK 
245 1 0 |a Zdravotné výhody ako kľúčový faktor kvality potravín  |b diplomová práca  |c Nikola Udvorková ; školiteľ: Malgorzata Agnieszka Jarossová 
264 1 |a Bratislava  |c 2014 
300 |a 99 s. 
100 1 |a Udvorková, Nikola 
700 1 |a Jarossová, Malgorzata Agnieszka, 1978- 
710 2 |a Obchodná fakulta EU. Katedra tovaroznalectva a kvality tovaru